[Event "11th LCC Super Blitz 2019"]
[Site "London"]
[Date "2019.12.08"]
[Round "8.4"]
[White "Brass, Ezra"]
[Black "Willow, Jonah B"]
[Result "0-1"]
[WhiteElo "1628"]
[BlackElo "2355"]
[Annotator "NA"]
[PlyCount "100"]
[EventDate "2019.12.08"]
[EventType "swiss"]
[EventCountry "ENG"]
[SourceTitle "playchess.com"]
[Source "ChessBase"]
[SourceQuality "1"]
[TimeControl "180+2"]

1. e4 {[%emt 0:00:00]} c5 {[%emt 0:00:00]} 2. c3 {[%emt 0:00:02]} Nf6 {[%emt 0:00:02]} 3. e5 {[%emt 0:00:02]} Nd5 {[%emt 0:00:02]} 4. d4 cxd4 5. cxd4 {[%emt 0:00:04]} g6 {[%emt 0:00:04]} 6. Nf3 {[%emt 0:00:02]} Bg7 {[%emt 0:00:02]} 7. Nc3 {[%emt 0:00:02]} Nxc3 8. bxc3 {[%emt 0:00:02]} O-O {[%emt 0:00:04]} 9. Bd3 {[%emt 0:00:00]} d6 10. exd6 Qxd6 {[%emt 0:00:00]} 11. O-O {[%emt 0:00:03]} Nc6 {[%emt 0:00:00]} 12. Re1 {[%emt 0:00:03]} Bg4 {[%emt 0:00:01]} 13. Be2 {[%emt 0:00:02]} Rfd8 {[%emt 0:00:08]} 14. h3 {[%emt 0:00:03]} Bxf3 15. Bxf3 {[%emt 0:00:01]} e5 {[%emt 0:00:04]} 16. d5 {[%emt 0:00:07]} Ne7 {[%emt 0:00:06]} 17. Bb2 {[%emt 0:00:18]} Nxd5 {[%emt 0:00:10]} 18. c4 {[%emt 0:00:05]} Nf4 {[%emt 0:00:59]} 19. Qxd6 {[%emt 0:00:07]} Rxd6 {[%emt 0:00:00]} 20. Bxe5 {[%emt 0:00:04]} Bxe5 21. Rxe5 {[%emt 0:00:02]} Rc8 {[%emt 0:00:09]} 22. g3 {[%emt 0:00:32]} Nd3 {[%emt 0:00:09]} 23. Rd5 {[%emt 0:00:07]} Rxd5 {[%emt 0:00:08]} 24. cxd5 {[%emt 0:00:02]} Ne5 {[%emt 0:00:20]} 25. Bg2 {[%emt 0:00:06]} Nc4 {[%emt 0:00:03]} 26. Rc1 {[%emt 0:00:09]} Kf8 {[%emt 0:00:05]} 27. Bf1 {[%emt 0:00:12]} Nd6 {[%emt 0:00:01]} 28. Rxc8+ Nxc8 29. f4 {[%emt 0:00:13]} Ke7 {[%emt 0:00:04]} 30. Kf2 {[%emt 0:00:05]} Kd6 {[%emt 0:00:01]} 31. Bc4 {[%emt 0:00:12]} Nb6 {[%emt 0:00:01]} 32. Bb3 {[%emt 0:00:07]} Nxd5 {[%emt 0:00:01]} 33. Kf3 {[%emt 0:00:02]} f6 {[%emt 0:00:22]} 34. g4 {[%emt 0:00:08]} g5 {[%emt 0:00:04]} 35. fxg5 fxg5 {[%emt 0:00:01]} 36. Bc2 {[%emt 0:00:30]} h6 {[%emt 0:00:01]} 37. Bd3 {[%emt 0:00:08]} Nf4 {[%emt 0:00:02]} 38. Bf1 {[%emt 0:00:02]} Ke5 {[%emt 0:00:02]} 39. Ke3 {[%emt 0:00:03]} b6 {[%emt 0:00:07]} 40. Kd2 {[%emt 0:00:03]} Kd4 {[%emt 0:00:02]} 41. Kc2 {[%emt 0:00:04]} Ke3 {[%emt 0:00:02]} 42. Kb3 {[%emt 0:00:13]} Kf2 {[%emt 0:00:04]} 43. Bc4 {[%emt 0:00:02]} Nxh3 {[%emt 0:00:21]} 44. Ka4 {[%emt 0:00:02]} Ke3 {[%emt 0:00:04]} 45. Kb5 {[%emt 0:00:03]} Kd4 {[%emt 0:00:01]} 46. Be6 {[%emt 0:00:04]} Nf4 {[%emt 0:00:01]} 47. Bf5 {[%emt 0:00:08]} Ke5 {[%emt 0:00:06]} 48. Ka6 {[%emt 0:00:02]} h5 {[%emt 0:00:01]} 49. Kxa7 {[%emt 0:00:05]} h4 {[%emt 0:00:01]} 50. Kxb6 {[%emt 0:00:08]} h3 {[%emt 0:00:04]} 0-1

[Event "11th LCC Super Blitz 2019"]
[Site "London"]
[Date "2019.12.08"]
[Round "8.5"]
[White "Ratnesan, Ranesh"]
[Black "Bird, Joel"]
[Result "1-0"]
[WhiteElo "2213"]
[BlackElo "2009"]
[Annotator "NA"]
[PlyCount "75"]
[EventDate "2019.12.08"]
[EventType "swiss"]
[EventCountry "ENG"]
[SourceTitle "playchess.com"]
[Source "ChessBase"]
[SourceQuality "1"]
[TimeControl "180+2"]

1. Nf3 {[%emt 0:00:00]} d5 {[%emt 0:00:00]} 2. g3 {[%emt 0:00:02]} Nf6 {[%emt 0:00:00]} 3. Bg2 {[%emt 0:00:02]} c6 {[%emt 0:00:03]} 4. d3 {[%emt 0:00:01]} Bg4 {[%emt 0:00:02]} 5. Ne5 {[%emt 0:00:02]} Nbd7 {[%emt 0:00:17]} 6. Nxg4 {[%emt 0:00:01]} Nxg4 {[%emt 0:00:01]} 7. O-O {[%emt 0:00:08]} Ngf6 {[%emt 0:00:04]} 8. c4 {[%emt 0:00:02]} e6 {[%emt 0:00:01]} 9. cxd5 {[%emt 0:00:02]} cxd5 {[%emt 0:00:05]} 10. Nc3 {[%emt 0:00:02]} Be7 {[%emt 0:00:05]} 11. e4 {[%emt 0:00:05]} dxe4 {[%emt 0:00:05]} 12. dxe4 {[%emt 0:00:01]} O-O {[%emt 0:00:35]} 13. Qe2 {[%emt 0:00:01]} Nc5 {[%emt 0:00:18]} 14. Rd1 {[%emt 0:00:01]} Qb6 {[%emt 0:00:03]} 15. Be3 {[%emt 0:00:01]} Qa6 {[%emt 0:00:25]} 16. Qxa6 {[%emt 0:00:07]} Nxa6 {[%emt 0:00:17]} 17. e5 {[%emt 0:00:00]} Nd5 {[%emt 0:00:13]} 18. Nxd5 exd5 {[%emt 0:00:02]} 19. Bxd5 {[%emt 0:00:04]} Nc5 {[%emt 0:00:08]} 20. b4 {[%emt 0:00:07]} Na4 {[%emt 0:00:14]} 21. a3 {[%emt 0:00:12]} Nc3 {[%emt 0:00:19]} 22. Rd3 {[%emt 0:00:01]} Nxd5 {[%emt 0:00:06]} 23. Rxd5 {[%emt 0:00:01]} Rfd8 {[%emt 0:00:01]} 24. Rad1 {[%emt 0:00:01]} b6 {[%emt 0:00:08]} 25. Rd7 {[%emt 0:00:09]} Kf8 {[%emt 0:00:01]} 26. Kg2 {[%emt 0:00:06]} Ke8 {[%emt 0:00:00]} 27. Rxd8+ {[%emt 0:00:07]} Rxd8 {[%emt 0:00:05]} 28. Rxd8+ {[%emt 0:00:07]} Kxd8 {[%emt 0:00:02]} 29. Kf3 {[%emt 0:00:02]} Kc7 {[%emt 0:00:00]} 30. Ke4 {[%emt 0:00:01]} a6 {[%emt 0:00:02]} 31. Kd5 {[%emt 0:00:04]} Bd8 {[%emt 0:00:08]} 32. a4 {[%emt 0:00:07]} Be7 {[%emt 0:00:08]} 33. b5 {[%emt 0:00:01]} axb5 {[%emt 0:00:01]} 34. axb5 {[%emt 0:00:02]} Bd8 {[%emt 0:00:03]} 35. e6 {[%emt 0:00:03]} fxe6+ {[%emt 0:00:03]} 36. Kxe6 {[%emt 0:00:01]} Bf6 {[%emt 0:00:02]} 37. Bf4+ {[%emt 0:00:03]} Kb7 {[%emt 0:00:04]} 38. Be5 {[%emt 0:00:07]} 1-0

[Event "11th LCC Super Blitz 2019"]
[Site "London"]
[Date "2019.12.08"]
[Round "8.5"]
[White "Ismail, Mohammed Aayan"]
[Black "Gudenas, Motiejus"]
[Result "1/2-1/2"]
[WhiteElo "1641"]
[BlackElo "1993"]
[Annotator "NA"]
[PlyCount "73"]
[EventDate "2019.12.08"]
[EventType "swiss"]
[EventCountry "ENG"]
[SourceTitle "playchess.com"]
[Source "ChessBase"]
[SourceQuality "1"]
[TimeControl "180+2"]

1. d4 {[%emt 0:00:00]} Nf6 {[%emt 0:00:00]} 2. c4 {[%emt 0:00:00]} c5 {[%emt 0:00:00]} 3. d5 {[%emt 0:00:00]} b5 {[%emt 0:00:01]} 4. cxb5 {[%emt 0:00:13]} a6 {[%emt 0:00:01]} 5. e3 {[%emt 0:00:12]} g6 {[%emt 0:00:08]} 6. Nc3 {[%emt 0:00:03]} Bg7 {[%emt 0:00:05]} 7. Nf3 {[%emt 0:00:01]} O-O {[%emt 0:00:04]} 8. bxa6 {[%emt 0:00:21]} Bxa6 {[%emt 0:00:05]} 9. Bxa6 {[%emt 0:00:02]} Nxa6 {[%emt 0:00:01]} 10. O-O {[%emt 0:00:05]} d6 {[%emt 0:00:01]} 11. a3 {[%emt 0:00:05]} Qb6 {[%emt 0:00:34]} 12. Qe2 {[%emt 0:00:12]} Ng4 {[%emt 0:00:11]} 13. h3 {[%emt 0:00:14]} Ne5 {[%emt 0:00:01]} 14. Nxe5 {[%emt 0:00:06]} Bxe5 {[%emt 0:00:02]} 15. Qc2 {[%emt 0:00:18]} Nb4 {[%emt 0:00:23]} 16. Qb3 {[%emt 0:00:31]} Rfb8 {[%emt 0:00:42]} 17. Na4 {[%emt 0:00:03]} Rxa4 {[%emt 0:00:19]} 18. Qxa4 {[%emt 0:00:02]} Nxd5 {[%emt 0:00:03]} 19. Qc4 {[%emt 0:00:10]} e6 {[%emt 0:00:08]} 20. Rb1 {[%emt 0:00:01]} Qc6 {[%emt 0:00:05]} 21. Bd2 {[%emt 0:00:19]} Nb6 {[%emt 0:00:07]} 22. Qc2 {[%emt 0:00:06]} d5 {[%emt 0:00:06]} 23. Bc3 {[%emt 0:00:05]} Nc4 {[%emt 0:00:02]} 24. Bxe5 {[%emt 0:00:03]} Nxe5 {[%emt 0:00:01]} 25. b3 {[%emt 0:00:11]} Ra8 {[%emt 0:00:06]} 26. Rfc1 {[%emt 0:00:08]} Nd7 {[%emt 0:00:06]} 27. a4 {[%emt 0:00:03]} Rb8 {[%emt 0:00:03]} 28. Qc3 {[%emt 0:00:01]} Qa6 {[%emt 0:00:06]} 29. Qd2 {[%emt 0:00:07]} Rb4 {[%emt 0:00:04]} 30. Rc3 {[%emt 0:00:05]} Qb6 {[%emt 0:00:03]} 31. Qc2 {[%emt 0:00:02]} h5 {[%emt 0:00:04]} 32. Ra1 {[%emt 0:00:04]} Qa5 {[%emt 0:00:02]} 33. Rc1 {[%emt 0:00:01]} Qb6 {[%emt 0:00:04]} 34. Ra1 {[%emt 0:00:01]} Qa5 {[%emt 0:00:01]} 35. Rc1 {[%emt 0:00:01]} Qb6 {[%emt 0:00:00]} 36. Ra1 {[%emt 0:00:01]} Qa5 {[%emt 0:00:01]} 37. Rc1 {[%emt 0:00:03]} 1/2-1/2

[Event "11th LCC Super Blitz 2019"]
[Site "London"]
[Date "2019.12.08"]
[Round "8.5"]
[White "Toh, Q Kane"]
[Black "Balaji, Aaravamudhan"]
[Result "1-0"]
[WhiteElo "1606"]
[BlackElo "2120"]
[Annotator "NA"]
[PlyCount "129"]
[EventDate "2019.12.08"]
[EventType "swiss"]
[EventCountry "ENG"]
[SourceTitle "playchess.com"]
[Source "ChessBase"]
[SourceQuality "1"]
[TimeControl "180+2"]

1. d4 {[%emt 0:00:00]} Nf6 {[%emt 0:00:00]} 2. c4 {[%emt 0:00:00]} g6 {[%emt 0:00:00]} 3. Nc3 {[%emt 0:00:01]} Bg7 {[%emt 0:00:00]} 4. Nf3 {[%emt 0:00:04]} O-O {[%emt 0:00:00]} 5. Bg5 {[%emt 0:00:01]} d6 {[%emt 0:00:01]} 6. e3 {[%emt 0:00:01]} Nbd7 {[%emt 0:00:02]} 7. Be2 {[%emt 0:00:02]} e5 {[%emt 0:00:03]} 8. d5 {[%emt 0:00:01]} a5 {[%emt 0:00:04]} 9. Qc2 {[%emt 0:00:08]} h6 {[%emt 0:00:00]} 10. Bh4 {[%emt 0:00:01]} Nc5 {[%emt 0:00:05]} 11. O-O {[%emt 0:00:12]} Bd7 {[%emt 0:00:10]} 12. Nd2 {[%emt 0:00:10]} Qc8 {[%emt 0:00:03]} 13. e4 {[%emt 0:00:21]} Nh7 {[%emt 0:00:05]} 14. b3 {[%emt 0:00:14]} f5 {[%emt 0:00:08]} 15. f3 {[%emt 0:00:02]} f4 {[%emt 0:00:07]} 16. Bf2 {[%emt 0:00:01]} g5 {[%emt 0:00:04]} 17. a3 {[%emt 0:00:13]} h5 {[%emt 0:00:23]} 18. b4 {[%emt 0:00:04]} Na6 {[%emt 0:00:01]} 19. c5 {[%emt 0:00:42]} g4 {[%emt 0:00:40]} 20. c6 {[%emt 0:00:22]} bxc6 {[%emt 0:00:31]} 21. dxc6 {[%emt 0:00:02]} Be6 {[%emt 0:00:00]} 22. b5 {[%emt 0:00:25]} Nc5 {[%emt 0:00:04]} 23. Bxc5 {[%emt 0:00:01]} dxc5 {[%emt 0:00:00]} 24. Na4 {[%emt 0:00:17]} g3 {[%emt 0:00:23]} 25. hxg3 {[%emt 0:00:02]} fxg3 {[%emt 0:00:01]} 26. Nxc5 {[%emt 0:00:01]} Qd8 {[%emt 0:00:18]} 27. Rfd1 {[%emt 0:00:10]} Qh4 {[%emt 0:00:11]} 28. Nf1 {[%emt 0:00:01]} Bf7 {[%emt 0:00:09]} 29. Bc4 {[%emt 0:00:05]} Ng5 {[%emt 0:00:03]} 30. Bxf7+ {[%emt 0:00:06]} Rxf7 {[%emt 0:00:01]} 31. Rd7 {[%emt 0:00:02]} Raf8 {[%emt 0:00:04]} 32. Qc4 {[%emt 0:00:02]} Bh6 {[%emt 0:00:09]} 33. Rad1 {[%emt 0:00:02]} Kh8 {[%emt 0:00:11]} 34. Rxf7 {[%emt 0:00:01]} Rxf7 {[%emt 0:00:01]} 35. Rd8+ {[%emt 0:00:01]} Kg7 {[%emt 0:00:00]} 36. Rd7 {[%emt 0:00:02]} Qf4 {[%emt 0:00:03]} 37. Rxf7+ {[%emt 0:00:01]} Qxf7 {[%emt 0:00:01]} 38. Qxf7+ {[%emt 0:00:04]} Nxf7 {[%emt 0:00:04]} 39. Nd7 {[%emt 0:00:01]} Nd8 {[%emt 0:00:03]} 40. Nxe5 {[%emt 0:00:02]} Bc1 {[%emt 0:00:02]} 41. a4 {[%emt 0:00:01]} Ne6 {[%emt 0:00:02]} 42. Nc4 {[%emt 0:00:03]} Kf6 {[%emt 0:00:03]} 43. Nxg3 {[%emt 0:00:02]} h4 {[%emt 0:00:01]} 44. Ne2 {[%emt 0:00:01]} Bh6 {[%emt 0:00:03]} 45. Kf2 {[%emt 0:00:02]} Nc5 {[%emt 0:00:02]} 46. Nxa5 {[%emt 0:00:05]} Nxa4 {[%emt 0:00:01]} 47. Nb3 {[%emt 0:00:02]} Ke5 {[%emt 0:00:01]} 48. Nec1 {[%emt 0:00:04]} Nb6 {[%emt 0:00:01]} 49. Nd3+ {[%emt 0:00:01]} Kd6 {[%emt 0:00:01]} 50. f4 {[%emt 0:00:01]} Bg7 {[%emt 0:00:01]} 51. Kf3 {[%emt 0:00:01]} Nc4 {[%emt 0:00:02]} 52. e5+ {[%emt 0:00:02]} Kd5 {[%emt 0:00:01]} 53. Nb4+ {[%emt 0:00:01]} Ke6 {[%emt 0:00:01]} 54. Ke4 {[%emt 0:00:02]} Na3 {[%emt 0:00:06]} 55. Nd4+ {[%emt 0:00:01]} Kf7 {[%emt 0:00:02]} 56. f5 {[%emt 0:00:01]} Bf8 {[%emt 0:00:00]} 57. e6+ {[%emt 0:00:02]} Ke8 {[%emt 0:00:02]} 58. Nd5 {[%emt 0:00:02]} Bd6 {[%emt 0:00:01]} 59. b6 {[%emt 0:00:06]} cxb6 {[%emt 0:00:07]} 60. c7 {[%emt 0:00:01]} Bxc7 {[%emt 0:00:04]} 61. Nxc7+ {[%emt 0:00:00]} Ke7 {[%emt 0:00:02]} 62. Nd5+ {[%emt 0:00:01]} Kd6 {[%emt 0:00:00]} 63. f6 {[%emt 0:00:02]} Nc4 {[%emt 0:00:04]} 64. f7 {[%emt 0:00:02]} Nd2+ {[%emt 0:00:01]} 65. Kd3 {[%emt 0:00:01]} 1-0

[Event "11th LCC Super Blitz 2019"]
[Site "London"]
[Date "2019.12.08"]
[Round "8.6"]
[White "Petrov, Vladimir Sergeev"]
[Black "Young, Daniel J"]
[Result "1-0"]
[WhiteElo "2355"]
[BlackElo "1947"]
[Annotator "NA"]
[PlyCount "47"]
[EventDate "2019.12.08"]
[EventType "swiss"]
[EventCountry "ENG"]
[SourceTitle "playchess.com"]
[Source "ChessBase"]
[SourceQuality "1"]
[TimeControl "180+2"]

1. e4 {[%emt 0:00:00]} c5 {[%emt 0:00:00]} 2. Nf3 {[%emt 0:00:00]} d6 {[%emt 0:00:00]} 3. d4 {[%emt 0:00:01]} cxd4 {[%emt 0:00:00]} 4. Nxd4 {[%emt 0:00:02]} Nf6 {[%emt 0:00:01]} 5. Nc3 {[%emt 0:00:02]} a6 {[%emt 0:00:00]} 6. Be3 {[%emt 0:00:02]} e5 {[%emt 0:00:01]} 7. Nb3 {[%emt 0:00:04]} Be6 {[%emt 0:00:01]} 8. h3 {[%emt 0:00:01]} Be7 {[%emt 0:00:03]} 9. f4 {[%emt 0:00:03]} exf4 {[%emt 0:00:08]} 10. Bxf4 {[%emt 0:00:01]} Nc6 {[%emt 0:00:01]} 11. Qe2 {[%emt 0:00:12]} Ne5 {[%emt 0:00:16]} 12. O-O-O {[%emt 0:00:18]} Qc7 {[%emt 0:00:20]} 13. g4 {[%emt 0:00:06]} Rc8 {[%emt 0:00:37]} 14. g5 {[%emt 0:00:25]} Nfd7 {[%emt 0:00:01]} 15. Qg2 {[%emt 0:00:09]} Nb6 {[%emt 0:00:25]} 16. Nd4 {[%emt 0:00:14]} Nbc4 {[%emt 0:00:09]} 17. Nd5 {[%emt 0:00:21]} Bxd5 {[%emt 0:00:13]} 18. exd5 {[%emt 0:00:02]} Qa5 {[%emt 0:00:47]} 19. Kb1 {[%emt 0:00:25]} Qb6 {[%emt 0:00:15]} 20. Nb3 {[%emt 0:00:09]} a5 {[%emt 0:00:07]} 21. a4 {[%emt 0:00:05]} Qb4 {[%emt 0:00:04]} 22. Bxe5 {[%emt 0:00:03]} Nxe5 {[%emt 0:00:04]} 23. Bb5+ {[%emt 0:00:01]} Kf8 {[%emt 0:00:03]} 24. Rhf1 {[%emt 0:00:06]} 1-0

[Event "11th LCC Super Blitz 2019"]
[Site "London"]
[Date "2019.12.08"]
[Round "8.6"]
[White "Nettleton, Charlie B"]
[Black "Mohnblatt, Nicolas"]
[Result "0-1"]
[WhiteElo "2021"]
[BlackElo "1689"]
[Annotator "NA"]
[PlyCount "73"]
[EventDate "2019.12.08"]
[EventType "swiss"]
[EventCountry "ENG"]
[SourceTitle "playchess.com"]
[Source "ChessBase"]
[SourceQuality "1"]
[TimeControl "180+2"]

1. e4 {[%emt 0:00:00]} e6 {[%emt 0:00:00]} 2. d4 {[%emt 0:00:00]} d5 {[%emt 0:00:01]} 3. e5 {[%emt 0:00:02]} c5 {[%emt 0:00:01]} 4. Nf3 {[%emt 0:00:01]} Nc6 {[%emt 0:00:01]} 5. Bd3 {[%emt 0:00:01]} Bd7 {[%emt 0:00:06]} 6. O-O {[%emt 0:00:02]} cxd4 {[%emt 0:00:14]} 7. Re1 {[%emt 0:00:02]} Bc5 {[%emt 0:00:07]} 8. a3 {[%emt 0:00:01]} a5 {[%emt 0:00:02]} 9. Nbd2 {[%emt 0:00:01]} a4 {[%emt 0:00:05]} 10. Nf1 {[%emt 0:00:02]} Qc7 {[%emt 0:00:05]} 11. Ng3 {[%emt 0:00:05]} Nge7 {[%emt 0:00:05]} 12. Nh5 {[%emt 0:00:09]} O-O-O {[%emt 0:00:32]} 13. b4 {[%emt 0:00:07]} Bb6 {[%emt 0:00:14]} 14. Bb2 {[%emt 0:00:10]} h6 {[%emt 0:00:23]} 15. Bf1 {[%emt 0:00:31]} Nf5 {[%emt 0:00:12]} 16. Ng3 {[%emt 0:00:07]} Nxg3 {[%emt 0:00:05]} 17. hxg3 {[%emt 0:00:01]} f6 {[%emt 0:00:09]} 18. Qe2 {[%emt 0:00:24]} fxe5 {[%emt 0:00:27]} 19. Nxe5 {[%emt 0:00:02]} Nxe5 {[%emt 0:00:04]} 20. Qxe5 {[%emt 0:00:02]} Qxe5 {[%emt 0:00:01]} 21. Rxe5 {[%emt 0:00:01]} Bc7 {[%emt 0:00:02]} 22. Ree1 {[%emt 0:00:05]} e5 {[%emt 0:00:01]} 23. c4 {[%emt 0:00:13]} dxc3 {[%emt 0:00:09]} 24. Bxc3 {[%emt 0:00:02]} d4 {[%emt 0:00:01]} 25. Bb2 {[%emt 0:00:01]} Bc6 {[%emt 0:00:01]} 26. Rac1 {[%emt 0:00:03]} Kb8 {[%emt 0:00:01]} 27. Bd3 {[%emt 0:00:03]} g5 {[%emt 0:00:08]} 28. b5 {[%emt 0:00:07]} Bd5 {[%emt 0:00:01]} 29. b6 {[%emt 0:00:07]} Bd6 {[%emt 0:00:03]} 30. Bb5 {[%emt 0:00:03]} Bb3 {[%emt 0:00:03]} 31. Bc4 {[%emt 0:00:09]} Bxc4 {[%emt 0:00:04]} 32. Rxc4 {[%emt 0:00:01]} Rhf8 {[%emt 0:00:05]} 33. Rxa4 {[%emt 0:00:01]} Bc5 {[%emt 0:00:02]} 34. Rc4 {[%emt 0:00:05]} Bxb6 {[%emt 0:00:02]} 35. Rxe5 {[%emt 0:00:02]} d3 {[%emt 0:00:02]} 36. Rc1 {[%emt 0:00:23]} Rxf2 {[%emt 0:00:07]} 37. Re6 {[%emt 0:00:40]} 0-1

[Event "11th LCC Super Blitz 2019"]
[Site "London"]
[Date "2019.12.08"]
[Round "8.6"]
[White "Rushbrooke, Remy"]
[Black "Onslow, Teddy"]
[Result "0-1"]
[WhiteElo "1877"]
[BlackElo "1647"]
[Annotator "NA"]
[PlyCount "67"]
[EventDate "2019.12.08"]
[EventType "swiss"]
[EventCountry "ENG"]
[SourceTitle "playchess.com"]
[Source "ChessBase"]
[SourceQuality "1"]
[TimeControl "180+2"]

1. d4 {[%emt 0:00:00]} d5 {[%emt 0:00:00]} 2. Nc3 {[%emt 0:00:01]} Nf6 {[%emt 0:00:02]} 3. Bg5 {[%emt 0:00:01]} Bf5 {[%emt 0:00:09]} 4. Bxf6 {[%emt 0:00:07]} exf6 {[%emt 0:00:01]} 5. e3 {[%emt 0:00:01]} c6 {[%emt 0:00:01]} 6. Bd3 {[%emt 0:00:02]} Bxd3 {[%emt 0:00:03]} 7. Qxd3 {[%emt 0:00:01]} Bd6 {[%emt 0:00:01]} 8. Nge2 {[%emt 0:00:09]} a5 {[%emt 0:00:06]} 9. g4 {[%emt 0:00:23]} Qe7 {[%emt 0:00:11]} 10. Ng3 {[%emt 0:00:07]} Bxg3 {[%emt 0:00:12]} 11. hxg3 {[%emt 0:00:01]} h6 {[%emt 0:00:01]} 12. O-O-O {[%emt 0:00:04]} Nd7 {[%emt 0:00:02]} 13. Rde1 {[%emt 0:00:21]} O-O-O {[%emt 0:00:31]} 14. e4 {[%emt 0:00:22]} dxe4 {[%emt 0:00:00]} 15. Nxe4 {[%emt 0:00:19]} Rhe8 {[%emt 0:00:43]} 16. Qc3 {[%emt 0:00:04]} Nb8 {[%emt 0:00:34]} 17. Qxa5 {[%emt 0:00:21]} Rxd4 {[%emt 0:00:06]} 18. Nd6+ {[%emt 0:00:14]} Rxd6 {[%emt 0:00:29]} 19. Rxe7 {[%emt 0:00:01]} Rxe7 {[%emt 0:00:00]} 20. Re1 {[%emt 0:00:05]} Rxe1+ {[%emt 0:00:14]} 21. Qxe1 {[%emt 0:00:01]} Re6 {[%emt 0:00:04]} 22. Qd2 {[%emt 0:00:01]} Kc7 {[%emt 0:00:02]} 23. Qf4+ {[%emt 0:00:04]} Kc8 {[%emt 0:00:01]} 24. Qd4 {[%emt 0:00:06]} Nd7 {[%emt 0:00:01]} 25. f4 {[%emt 0:00:03]} c5 {[%emt 0:00:02]} 26. Qd3 {[%emt 0:00:06]} Kc7 {[%emt 0:00:00]} 27. Qh7 {[%emt 0:00:09]} c4 {[%emt 0:00:09]} 28. Qxg7 {[%emt 0:00:06]} Nc5 {[%emt 0:00:00]} 29. Qxf7+ {[%emt 0:00:04]} Kc6 30. f5 {[%emt 0:00:05]} Rd6 {[%emt 0:00:02]} 31. Qxc4 {[%emt 0:00:03]} b5 {[%emt 0:00:00]} 32. Qf4 {[%emt 0:00:06]} Rd5 {[%emt 0:00:04]} 33. Qxh6 {[%emt 0:00:05]} Ne4 {[%emt 0:00:01]} 34. c3 {[%emt 0:00:05]} 0-1

[Event "11th LCC Super Blitz 2019"]
[Site "London"]
[Date "2019.12.08"]
[Round "8.7"]
[White "Kennedy, Craig"]
[Black "Joslin, Tim"]
[Result "1-0"]
[WhiteElo "1899"]
[BlackElo "1822"]
[Annotator "NA"]
[PlyCount "61"]
[EventDate "2019.12.08"]
[EventType "swiss"]
[EventCountry "ENG"]
[SourceTitle "playchess.com"]
[Source "ChessBase"]
[SourceQuality "1"]
[TimeControl "180+2"]

1. g3 {[%emt 0:00:00]} d5 {[%emt 0:00:02]} 2. Bg2 {[%emt 0:00:02]} e5 {[%emt 0:00:00]} 3. c4 {[%emt 0:00:04]} Nf6 {[%emt 0:00:10]} 4. cxd5 Nxd5 {[%emt 0:00:01]} 5. Nc3 {[%emt 0:00:04]} c6 {[%emt 0:00:01]} 6. d3 {[%emt 0:00:03]} Be6 {[%emt 0:00:03]} 7. Nf3 {[%emt 0:00:02]} f6 {[%emt 0:00:03]} 8. O-O {[%emt 0:00:02]} Bc5 {[%emt 0:00:02]} 9. Bd2 {[%emt 0:00:03]} Qd7 {[%emt 0:00:10]} 10. Rc1 {[%emt 0:00:04]} Bb6 {[%emt 0:00:05]} 11. Ne4 {[%emt 0:00:06]} Na6 {[%emt 0:00:13]} 12. a3 {[%emt 0:00:11]} O-O {[%emt 0:00:06]} 13. e3 {[%emt 0:00:15]} Bh3 {[%emt 0:00:10]} 14. d4 {[%emt 0:00:07]} Bxg2 {[%emt 0:00:04]} 15. Kxg2 {[%emt 0:00:02]} exd4 {[%emt 0:00:06]} 16. Nxd4 {[%emt 0:00:05]} Rae8 {[%emt 0:00:15]} 17. Qf3 {[%emt 0:00:09]} f5 {[%emt 0:00:11]} 18. Ng5 {[%emt 0:00:08]} h6 {[%emt 0:00:06]} 19. Nh3 {[%emt 0:00:08]} Nc5 {[%emt 0:00:08]} 20. Nf4 {[%emt 0:00:12]} Ne4 {[%emt 0:00:05]} 21. Rfd1 {[%emt 0:00:08]} Qf7 {[%emt 0:00:19]} 22. Nxd5 {[%emt 0:00:05]} cxd5 {[%emt 0:00:03]} 23. Bb4 {[%emt 0:00:04]} Ng5 {[%emt 0:00:13]} 24. Qe2 {[%emt 0:00:11]} f4 {[%emt 0:00:01]} 25. gxf4 {[%emt 0:00:27]} Ne4 {[%emt 0:00:03]} 26. Bxf8 {[%emt 0:00:05]} Rxf8 {[%emt 0:00:05]} 27. f3 {[%emt 0:00:08]} Qg6+ {[%emt 0:00:03]} 28. Kh1 {[%emt 0:00:03]} Nf6 {[%emt 0:00:17]} 29. Rg1 {[%emt 0:00:03]} Qh5 {[%emt 0:00:02]} 30. Ne6 {[%emt 0:00:16]} Re8 {[%emt 0:00:08]} 31. Nxg7 {[%emt 0:00:11]} 1-0

[Event "11th LCC Super Blitz 2019"]
[Site "London"]
[Date "2019.12.08"]
[Round "8.7"]
[White "Stamatopoulos, Apostolos"]
[Black "John, Joshua"]
[Result "1-0"]
[WhiteElo "1782"]
[BlackElo "1694"]
[Annotator "NA"]
[PlyCount "65"]
[EventDate "2019.12.08"]
[EventType "swiss"]
[EventCountry "ENG"]
[SourceTitle "playchess.com"]
[Source "ChessBase"]
[SourceQuality "1"]
[TimeControl "180+2"]

1. d4 {[%emt 0:00:00]} Nf6 {[%emt 0:00:00]} 2. Nf3 {[%emt 0:00:00]} d5 {[%emt 0:00:00]} 3. e3 {[%emt 0:00:01]} e6 {[%emt 0:00:00]} 4. Bd3 {[%emt 0:00:01]} c5 {[%emt 0:00:01]} 5. b3 {[%emt 0:00:02]} Nc6 {[%emt 0:00:01]} 6. O-O {[%emt 0:00:01]} Be7 {[%emt 0:00:02]} 7. Bb2 {[%emt 0:00:02]} b6 {[%emt 0:00:01]} 8. Nbd2 {[%emt 0:00:05]} O-O {[%emt 0:00:02]} 9. a3 {[%emt 0:00:01]} Bb7 {[%emt 0:00:01]} 10. Ne5 {[%emt 0:00:02]} cxd4 {[%emt 0:00:19]} 11. exd4 {[%emt 0:00:02]} Rc8 {[%emt 0:00:01]} 12. f4 {[%emt 0:00:01]} Nxe5 {[%emt 0:00:34]} 13. fxe5 {[%emt 0:00:02]} Ne4 {[%emt 0:00:02]} 14. Bxe4 {[%emt 0:00:41]} dxe4 {[%emt 0:00:01]} 15. Re1 {[%emt 0:00:10]} Qc7 {[%emt 0:00:38]} 16. c4 {[%emt 0:00:07]} Qc6 {[%emt 0:00:21]} 17. Nxe4 {[%emt 0:00:13]} f5 {[%emt 0:00:01]} 18. exf6 {[%emt 0:00:01]} Bxf6 {[%emt 0:00:01]} 19. Qe2 {[%emt 0:00:08]} Rce8 {[%emt 0:00:36]} 20. Nxf6+ {[%emt 0:00:03]} Rxf6 {[%emt 0:00:18]} 21. d5 {[%emt 0:00:03]} Qc5+ {[%emt 0:00:01]} 22. Qe3 {[%emt 0:00:17]} Rg6 {[%emt 0:00:21]} 23. Qxc5 {[%emt 0:00:15]} bxc5 {[%emt 0:00:01]} 24. g3 {[%emt 0:00:01]} Kf7 {[%emt 0:00:10]} 25. Rf1+ {[%emt 0:00:23]} Ke7 {[%emt 0:00:04]} 26. Rae1 {[%emt 0:00:00]} Kd7 {[%emt 0:00:07]} 27. Rf7+ {[%emt 0:00:04]} Re7 {[%emt 0:00:03]} 28. dxe6+ {[%emt 0:00:10]} Rgxe6 {[%emt 0:00:01]} 29. Rxe7+ {[%emt 0:00:08]} Kxe7 {[%emt 0:00:04]} 30. Rxe6+ {[%emt 0:00:01]} Kxe6 {[%emt 0:00:00]} 31. Bxg7 {[%emt 0:00:01]} Kf5 {[%emt 0:00:10]} 32. Bf8 {[%emt 0:00:02]} Ke4 {[%emt 0:00:02]} 33. Bxc5 {[%emt 0:00:02]} 1-0